Perú : (Registro nro. 23385)

Detalles MARC
000 -Cabecera
Campo de control interno 00480nam a2200181Ia 4500
005 - Fecha y hora del registro
control field 20260414150933.0
008 - Elementos de Longitud Fija
fixed length control field 260414t2018||||xx |||||||||||||| ||spa||
041 ## - Idioma
Codigo Idioma ESP
082 ## - DEWEY y NOTACIÓN INTERNA
Dewey 630.201063
Notación Interna S41M V. 17
110 ## - AUTOR INSTTITUCIONAL
Autor Institucional Seminario Permanente de Investigación Agraria
245 #0 - TÍTULO DE MATERIAL BIBLIOGRÁFICO
Título Perú :
Título paralelo el problema agrario en debate SEPIA XVII
260 ## - CIUDAD, EDITORIAL, AÑO
Año 2018
300 ## - DESCRIPCIÓN
N° Páginas 124 páginas :
Dimensiones 24 cm.
650 ## - TEMAS
Temas Tecnología (Ciencias Aplicadas)
654 ## - PROGRAMAS
Programa Dpto. de Ingeniería Industrial
942 ## - ELEMENTOS DE KOHA
Tipo de documento Libro
Nombre del creador Justo Noguera
Código de catalogador Justo Noguera
Esquema de clasificación Dewey Decimal Classification
Suppress in OPAC
Existencias
Codigo completo Registro Colección Copia número Disponibilidad Tipo de préstamo Biblioteca Actual Procedencia (Biblioteca) Ubicacón Fecha Ingreso Tipo de Adquisición Date last seen Total checkouts Price effective from Tipo de Item Estado del Material Damaged status Withdrawn status
630.201063 S41M V. 17 1063681 Universidad Católica San Pablo 1 Disponible Disponible Víctor Andrés Belaunde Víctor Andrés Belaunde Segundo piso 14/04/2026 Donación 14/04/2026   14/04/2026 Libro Bueno